[Event "Iran Women Ch.2016"]
[Site "Tehran"]
[Date "2016.01.19"]
[Round "5.3"]
[White "Mahdian, Anousha"]
[Black "Alavi, Homa"]
[Result "0-1"]
[BlackElo "1935"]
[WhiteElo "1811"]
[LiveChessVersion "1.4.7"]

1. d4 Nf6 2. c4 e6 3. Nc3 d5 4. cxd5 exd5 5. Bg5 Be7 6. Qc2 c6 7. e3 O-O 8. Bd3
Nbd7 9. Nf3 Re8 10. O-O Nf8 {[%clk 1:29:29]} 11. h3 {[%clk 1:30:58]} Ne4
{[%clk 1:21:31]} 12. Bf4 {[%clk 1:29:03]} Ng5 {[%clk 1:14:50]} 13. Bxg5
{[%clk 1:17:18]} Bxg5 {[%clk 1:15:13]} 14. Bf5 {[%clk 1:17:39]} Be7
{[%clk 1:12:21]} 15. Bxc8 {[%clk 1:17:15]} Rxc8 {[%clk 1:08:49]} 16. Rab1
{[%clk 1:16:46]} Bd6 {[%clk 1:08:01]} 17. b4 {[%clk 1:16:40]} a6 {[%clk 1:03:20]}
18. a4 {[%clk 1:16:21]} Qd7 {[%clk 0:56:52]} 19. Qd3 {[%clk 1:11:35]} Re6
{[%clk 0:50:15]} 20. b5 {[%clk 1:02:15]} Rg6 {[%clk 0:48:42]} 21. bxa6
{[%clk 1:00:06]} bxa6 {[%clk 0:49:05]} 22. Nh4 {[%clk 1:00:00]} Qxh3
{[%clk 0:46:07]} 23. f4 {[%clk 0:52:38]} Qxh4 {[%clk 0:46:15]} 24. Qxa6
{[%clk 0:52:45]} Re8 {[%clk 0:42:02]} 25. Rf3 {[%clk 0:47:03]} c5
{[%clk 0:40:44]} 26. Qf1 {[%clk 0:40:58]} cxd4 {[%clk 0:40:17]} 27. exd4
{[%clk 0:41:20]} Ne6 {[%clk 0:38:55]} 28. Ne2 {[%clk 0:33:54]} Ng5
{[%clk 0:30:46]} 29. Rg3 {[%clk 0:30:16]} Nh3+ {[%clk 0:29:33]} 30. gxh3
{[%clk 0:30:25]} Rxg3+ {[%clk 0:30:02]} 31. Nxg3 {[%clk 0:30:23]} Qxg3+
{[%clk 0:30:30]} 32. Qg2 {[%clk 0:30:14]} Re1+ {[%clk 0:30:17]} 33. Rxe1
{[%clk 0:30:35]} Qxe1+ {[%clk 0:30:42]} 34. Qf1 {[%clk 0:30:55]} Qxf1+
{[%clk 0:31:02]} 35. Kxf1 {[%clk 0:31:21]} Bxf4 {[%clk 0:31:21]} 36. Ke2
{[%clk 0:31:46]} Bc7 {[%clk 0:31:34]} 37. Kf3 {[%clk 0:31:33]} Kf8
{[%clk 0:30:58]} 38. Kg4 {[%clk 0:31:48]} Ke7 {[%clk 0:31:16]} 39. h4
{[%clk 0:31:46]} Kf6 {[%clk 0:31:24]} 40. h5 {[%clk 0:31:50]} g5 {[%clk 0:31:20]}
41. hxg6 {[%clk 0:31:56]} fxg6 {[%clk 0:31:44]} 42. Kf3 {[%clk 0:32:11]} h5
{[%clk 0:32:07]} 43. Ke3 {[%clk 0:32:26]} h4 {[%clk 0:32:29]} 44. Kf3
{[%clk 0:32:50]} Kf5 {[%clk 0:32:54]} 45. Kg2 {[%clk 0:33:12]} Ke4
{[%clk 0:32:52]} 46. Kh3 {[%clk 0:33:27]} g5 {[%clk 0:33:16]} 47. Kg4
{[%clk 0:33:45]} Kxd4 {[%clk 0:33:41]} 0-1

[Event "Iran Women Ch.2016"]
[Site "Tehran"]
[Date "2016.01.19"]
[Round "5.4"]
[White "Hakimifard, Ghazal"]
[Black "Pourkashiyan, Atousa"]
[Result "0-1"]
[BlackElo "2338"]
[WhiteElo "2181"]
[LiveChessVersion "1.4.7"]

1. e4 {[%clk 1:30:58]} c5 {[%clk 1:25:22]} 2. Nf3 {[%clk 1:31:23]} e6
{[%clk 1:25:45]} 3. d4 {[%clk 1:31:48]} cxd4 {[%clk 1:26:09]} 4. Nxd4
{[%clk 1:32:14]} a6 {[%clk 1:26:36]} 5. Bd3 {[%clk 1:32:39]} Bc5 {[%clk 1:27:00]}
6. Nb3 {[%clk 1:33:05]} Be7 {[%clk 1:27:25]} 7. Qg4 {[%clk 1:30:49]} g6
{[%clk 1:27:48]} 8. Qe2 {[%clk 1:30:31]} d6 {[%clk 1:28:15]} 9. O-O
{[%clk 1:28:52]} Nd7 {[%clk 1:28:43]} 10. f4 {[%clk 1:28:01]} Qc7
{[%clk 1:27:08]} 11. c4 {[%clk 1:22:28]} Ngf6 {[%clk 1:26:12]} 12. Nc3
{[%clk 1:22:44]} h5 {[%clk 1:19:30]} 13. Bd2 {[%clk 1:15:31]} b6 {[%clk 1:08:49]}
14. Rae1 {[%clk 1:12:42]} Bb7 {[%clk 1:06:26]} 15. Nd5 {[%clk 0:55:59]} exd5
{[%clk 0:54:21]} 16. exd5 {[%clk 0:56:28]} O-O {[%clk 0:54:41]} 17. f5
{[%clk 0:51:40]} Ne5 {[%clk 0:52:48]} 18. fxg6 {[%clk 0:40:47]} fxg6
{[%clk 0:51:26]} 19. Bc3 {[%clk 0:37:44]} Rae8 {[%clk 0:35:52]} 20. Bxe5
{[%clk 0:28:10]} Bd8 {[%clk 0:33:00]} 21. Qc2 {[%clk 0:15:36]} Rxe5
{[%clk 0:33:01]} 22. Rxe5 {[%clk 0:14:48]} dxe5 {[%clk 0:33:27]} 23. Bxg6
{[%clk 0:15:00]} b5 {[%clk 0:27:51]} 24. cxb5 {[%clk 0:12:08]} Qxc2
{[%clk 0:24:24]} 25. Bxc2 {[%clk 0:12:38]} Bb6+ {[%clk 0:24:44]} 26. Kh1
{[%clk 0:13:04]} axb5 {[%clk 0:24:58]} 27. Bd3 {[%clk 0:13:04]} b4
{[%clk 0:18:24]} 28. d6 {[%clk 0:13:15]} Ng4 {[%clk 0:15:10]} 29. Bc4+
{[%clk 0:13:28]} Kg7 {[%clk 0:15:36]} 30. Rxf8 {[%clk 0:13:50]} Kxf8
{[%clk 0:16:04]} 31. h3 {[%clk 0:13:33]} Ne3 {[%clk 0:13:55]} 32. Be2
{[%clk 0:13:54]} Nxg2 {[%clk 0:13:20]} 33. Kh2 {[%clk 0:14:10]} Nf4
{[%clk 0:12:33]} 34. Bf1 {[%clk 0:13:57]} h4 {[%clk 0:10:16]} 35. Nd2
{[%clk 0:14:16]} Bc5 {[%clk 0:09:00]} 36. a3 {[%clk 0:12:17]} bxa3
{[%clk 0:08:11]} 37. bxa3 {[%clk 0:12:46]} Bxd6 {[%clk 0:08:26]} 38. Nc4
{[%clk 0:12:49]} Bc7 {[%clk 0:08:27]} 39. Ne3 {[%clk 0:11:40]} e4
{[%clk 0:08:13]} 40. Nf5 {[%clk 0:10:24]} e3 {[%clk 0:07:35]} 41. Kg1
{[%clk 0:10:02]} Bb6 {[%clk 0:07:05]} 42. Kh2 {[%clk 0:09:40]} e2
{[%clk 0:07:00]} 0-1

[Event "Iran Women Ch.2016"]
[Site "Tehran"]
[Date "2016.01.19"]
[Round "5.5"]
[White "Hakimifard, Raana"]
[Black "Asgarizadeh, Minoo"]
[Result "1-0"]
[BlackElo "2167"]
[WhiteElo "2073"]
[LiveChessVersion "1.4.7"]

1. e4 {[%clk 1:30:58]} g6 {[%clk 1:30:41]} 2. d4 {[%clk 1:31:22]} Bg7
{[%clk 1:31:07]} 3. Nf3 {[%clk 1:31:45]} d6 {[%clk 1:31:17]} 4. c3
{[%clk 1:32:02]} Nd7 {[%clk 1:26:49]} 5. Bc4 {[%clk 1:27:31]} e6 {[%clk 1:25:03]}
6. O-O {[%clk 1:25:50]} Ne7 {[%clk 1:24:43]} 7. Re1 {[%clk 1:20:56]} O-O
{[%clk 1:24:06]} 8. Nbd2 {[%clk 1:17:33]} b6 {[%clk 1:19:30]} 9. Nf1
{[%clk 1:11:41]} Bb7 {[%clk 1:19:37]} 10. Bb3 {[%clk 1:09:36]} Rc8
{[%clk 1:10:18]} 11. Bf4 {[%clk 1:05:01]} Nf6 {[%clk 0:50:07]} 12. Ng3
{[%clk 1:02:09]} c5 {[%clk 0:42:58]} 13. Qd2 {[%clk 0:59:06]} d5 {[%clk 0:39:04]}
14. e5 {[%clk 0:52:34]} Ne4 {[%clk 0:38:46]} 15. Nxe4 {[%clk 0:48:30]} dxe4
{[%clk 0:39:14]} 16. Ng5 {[%clk 0:48:53]} cxd4 {[%clk 0:31:44]} 17. cxd4
{[%clk 0:48:12]} Nf5 {[%clk 0:25:44]} 18. Rad1 {[%clk 0:46:34]} Rc7
{[%clk 0:20:24]} 19. Nxe4 {[%clk 0:40:01]} Qa8 {[%clk 0:20:16]} 20. f3
{[%clk 0:36:49]} Rd8 {[%clk 0:13:33]} 21. Nd6 {[%clk 0:32:59]} Bxf3
{[%clk 0:09:57]} 22. gxf3 {[%clk 0:27:50]} Nh4 {[%clk 0:10:26]} 23. Rf1
{[%clk 0:24:26]} Nxf3+ {[%clk 0:10:45]} 24. Rxf3 {[%clk 0:24:52]} Qxf3
{[%clk 0:11:13]} 25. Rf1 {[%clk 0:23:56]} Qh3 {[%clk 0:06:33]} 26. Qg2
{[%clk 0:21:49]} Qxg2+ {[%clk 0:04:33]} 27. Kxg2 {[%clk 0:22:18]} h6
{[%clk 0:04:53]} 28. Be3 {[%clk 0:21:19]} Rdd7 {[%clk 0:02:27]} 29. Nxf7
{[%clk 0:17:49]} Rc6 {[%clk 0:01:43]} 30. Nd6 {[%clk 0:16:03]} Re7
{[%clk 0:02:03]} 31. Rf7 {[%clk 0:13:08]} Rcc7 {[%clk 0:01:46]} 32. Kg3
{[%clk 0:12:30]} Bf8 {[%clk 0:01:10]} 33. Rf6 {[%clk 0:12:41]} Bg7
{[%clk 0:00:46]} 34. Rxg6 {[%clk 0:12:12]} Kh7 {[%clk 0:00:57]} 35. Rxe6
{[%clk 0:12:33]} 1-0

[Event "Iran Women Ch.2016"]
[Site "Tehran"]
[Date "2016.01.19"]
[Round "5.6"]
[White "Karimi, Yeganeh"]
[Black "Alinasab, Mobina"]
[Result "1/2-1/2"]
[BlackElo "2112"]
[WhiteElo "1971"]
[LiveChessVersion "1.4.7"]

1. e4 {[%clk 1:30:54]} e6 {[%clk 1:30:28]} 2. d3 {[%clk 1:31:16]} d5
{[%clk 1:30:55]} 3. Nd2 {[%clk 1:31:42]} Nf6 {[%clk 1:31:21]} 4. Ngf3
{[%clk 1:31:46]} b6 {[%clk 1:31:40]} 5. g3 {[%clk 1:28:42]} Bb7 {[%clk 1:32:07]}
6. Bg2 {[%clk 1:28:51]} c5 {[%clk 1:27:06]} 7. O-O {[%clk 1:29:13]} Nc6
{[%clk 1:27:14]} 8. Re1 {[%clk 1:29:25]} Qc7 {[%clk 1:17:07]} 9. c3
{[%clk 1:29:36]} O-O-O {[%clk 1:15:49]} 10. a3 {[%clk 1:29:14]} dxe4
{[%clk 1:10:08]} 11. dxe4 {[%clk 1:21:53]} Na5 {[%clk 1:04:19]} 12. b4
{[%clk 1:06:47]} Nc4 {[%clk 1:04:10]} 13. Qa4 {[%clk 1:01:05]} Nxd2
{[%clk 1:04:30]} 14. Nxd2 {[%clk 1:01:08]} Kb8 {[%clk 0:57:47]} 15. Nc4
{[%clk 0:53:11]} Nd7 {[%clk 0:56:44]} 16. b5 {[%clk 0:52:13]} h5 {[%clk 0:54:01]}
17. Rd1 {[%clk 0:47:28]} f6 {[%clk 0:51:46]} 18. Qb3 {[%clk 0:44:25]} g5
{[%clk 0:48:46]} 19. a4 {[%clk 0:43:28]} h4 {[%clk 0:48:45]} 20. a5
{[%clk 0:42:39]} h3 {[%clk 0:41:46]} 21. Bh1 {[%clk 0:40:14]} Be7
{[%clk 0:41:59]} 22. axb6 {[%clk 0:40:35]} Nxb6 {[%clk 0:41:22]} 23. Na5
{[%clk 0:36:59]} Rxd1+ {[%clk 0:28:03]} 24. Qxd1 {[%clk 0:37:28]} Rd8
{[%clk 0:28:32]} 25. Qe2 {[%clk 0:30:40]} Qd7 {[%clk 0:25:14]} 26. Be3
{[%clk 0:29:40]} e5 {[%clk 0:25:01]} 27. Nxb7 {[%clk 0:29:47]} Kxb7
{[%clk 0:25:05]} 28. Bf3 {[%clk 0:29:08]} Kb8 {[%clk 0:20:20]} 29. Bg4
{[%clk 0:26:44]} Qd3 {[%clk 0:16:59]} 30. Qa2 {[%clk 0:26:22]} Nc8
{[%clk 0:15:24]} 31. Bxh3 {[%clk 0:26:30]} Qxe4 {[%clk 0:14:09]} 32. Bg2
{[%clk 0:22:00]} Qg4 {[%clk 0:14:03]} 33. b6 {[%clk 0:19:28]} Rd1+
{[%clk 0:14:09]} 34. Bf1 {[%clk 0:18:57]} axb6 {[%clk 0:11:23]} 35. Qa8+
{[%clk 0:14:44]} Kc7 {[%clk 0:11:52]} 36. Rxd1 {[%clk 0:12:43]} Qxd1
{[%clk 0:12:17]} 37. Kg2 {[%clk 0:12:17]} Qd8 {[%clk 0:08:38]} 38. Bb5
{[%clk 0:11:26]} Nd6 {[%clk 0:08:37]} 39. Qc6+ {[%clk 0:10:25]} Kb8
{[%clk 0:09:05]} 40. Ba6 {[%clk 0:08:56]} Qc7 {[%clk 0:09:25]} 41. Qd5
{[%clk 0:09:03]} Ka7 {[%clk 0:08:40]} 42. Qa2 {[%clk 0:09:25]} Qc6+
{[%clk 0:08:52]} 43. Kg1 {[%clk 0:09:39]} Kb8 {[%clk 0:08:54]} 44. Qe6
{[%clk 0:08:26]} Qe8 {[%clk 0:03:01]} 45. f4 {[%clk 0:05:27]} gxf4
{[%clk 0:01:18]} 46. gxf4 {[%clk 0:05:56]} Qg6+ {[%clk 0:01:28]} 47. Kf2
{[%clk 0:04:55]} Qf7 {[%clk 0:01:53]} 48. Qd7 {[%clk 0:03:58]} Qe8
{[%clk 0:02:01]} 49. Qe6 {[%clk 0:03:46]} Kc7 {[%clk 0:01:22]} 50. h4
{[%clk 0:02:18]} Qf7 {[%clk 0:00:54]} 51. Qxf7 {[%clk 0:01:41]} Nxf7
{[%clk 0:01:53]} 52. fxe5 {[%clk 0:01:47]} fxe5 {[%clk 0:02:04]} 53. h5
{[%clk 0:02:05]} Kd6 {[%clk 0:00:44]} 54. Bc4 {[%clk 0:01:09]} Ng5
{[%clk 0:00:43]} 55. h6 {[%clk 0:01:24]} Ne4+ {[%clk 0:00:54]} 56. Kf3
{[%clk 0:01:36]} Nxc3 {[%clk 0:00:55]} 57. Kg4 {[%clk 0:01:29]} Bf8
{[%clk 0:00:34]} 58. h7 {[%clk 0:01:49]} Bg7 {[%clk 0:01:03]} 59. Bh6
{[%clk 0:01:57]} Bh8 {[%clk 0:01:27]} 60. Kf5 {[%clk 0:01:41]} b5
{[%clk 0:01:01]} 61. Kg6 {[%clk 0:01:22]} Ne4 {[%clk 0:00:48]} 62. Bg7
{[%clk 0:00:32]} Ng5 {[%clk 0:00:35]} 63. Bxb5 {[%clk 0:00:31]} Bxg7
{[%clk 0:00:52]} 64. Kxg7 {[%clk 0:00:54]} Nxh7 {[%clk 0:01:18]} 65. Kxh7
{[%clk 0:01:20]} Kd5 {[%clk 0:01:45]} 66. Kg6 {[%clk 0:01:42]} c4
{[%clk 0:00:58]} 67. Kf5 {[%clk 0:02:10]} c3 {[%clk 0:01:11]} 68. Bd3
{[%clk 0:02:21]} 1/2-1/2

[Event "Iran Women Ch.2016"]
[Site "Tehran"]
[Date "2016.01.19"]
[Round "5.7"]
[White "Zahedifar, Anahita"]
[Black "Asadi, Motahare"]
[Result "1-0"]
[BlackElo "1833"]
[WhiteElo "1982"]
[LiveChessVersion "1.4.7"]

1. c4 {[%clk 1:28:02]} Nf6 {[%clk 1:29:23]} 2. Nc3 {[%clk 1:28:20]} g6
{[%clk 1:28:49]} 3. e4 {[%clk 1:26:52]} d6 {[%clk 1:29:11]} 4. d4
{[%clk 1:27:13]} Bg7 {[%clk 1:29:29]} 5. f3 {[%clk 1:26:35]} O-O {[%clk 1:16:22]}
6. Be3 {[%clk 1:25:24]} Nc6 {[%clk 1:00:34]} 7. Nge2 {[%clk 1:23:17]} h5
{[%clk 0:48:52]} 8. Qd2 {[%clk 1:17:18]} Nd7 {[%clk 0:28:24]} 9. h3
{[%clk 1:09:20]} h4 {[%clk 0:17:55]} 10. Bg5 {[%clk 1:01:24]} Bf6
{[%clk 0:18:18]} 11. Nd5 {[%clk 1:00:55]} Bxg5 {[%clk 0:16:15]} 12. Qxg5
{[%clk 1:01:23]} Nb6 {[%clk 0:16:34]} 13. Rc1 {[%clk 0:56:26]} Nxd5
{[%clk 0:09:30]} 14. cxd5 {[%clk 0:55:00]} Nb4 {[%clk 0:09:49]} 15. Qd2
{[%clk 0:46:59]} Na6 {[%clk 0:07:38]} 16. Nf4 {[%clk 0:46:04]} Kg7
{[%clk 0:06:45]} 17. Qc3 {[%clk 0:43:28]} Bd7 {[%clk 0:02:57]} 18. Bxa6
{[%clk 0:41:14]} bxa6 {[%clk 0:03:16]} 19. Qxc7 {[%clk 0:40:49]} Qxc7
{[%clk 0:03:36]} 20. Rxc7 {[%clk 0:41:18]} Rfc8 {[%clk 0:04:00]} 21. Rxc8
{[%clk 0:40:24]} Rxc8 {[%clk 0:04:25]} 22. Kd2 {[%clk 0:40:43]} Rc4
{[%clk 0:04:39]} 23. Ne2 {[%clk 0:39:13]} Ra4 {[%clk 0:04:07]} 24. a3
{[%clk 0:35:38]} Bb5 {[%clk 0:04:26]} 25. Rc1 {[%clk 0:34:20]} Rc4
{[%clk 0:03:29]} 26. Ke3 {[%clk 0:32:18]} a5 {[%clk 0:01:53]} 27. f4
{[%clk 0:23:12]} Rxc1 {[%clk 0:01:30]} 28. Nxc1 {[%clk 0:23:41]} f5
{[%clk 0:01:50]} 29. Nb3 {[%clk 0:21:26]} a4 {[%clk 0:01:22]} 30. Nd2
{[%clk 0:17:49]} fxe4 {[%clk 0:01:01]} 31. Kxe4 {[%clk 0:15:23]} Kh6
{[%clk 0:01:22]} 32. f5 {[%clk 0:11:17]} Be8 {[%clk 0:01:29]} 33. fxg6
{[%clk 0:10:30]} Bxg6+ {[%clk 0:01:49]} 34. Kf4 {[%clk 0:10:52]} Kh5
{[%clk 0:02:15]} 35. Nf1 {[%clk 0:07:25]} Bf7 {[%clk 0:01:38]} 36. Ne3
{[%clk 0:07:37]} Bg8 {[%clk 0:01:47]} 37. g4+ {[%clk 0:05:37]} hxg3
{[%clk 0:02:10]} 38. Kxg3 {[%clk 0:06:04]} e6 {[%clk 0:01:30]} 39. Nc4
{[%clk 0:05:10]} exd5 {[%clk 0:01:35]} 40. Nxd6 {[%clk 0:05:35]} Be6
{[%clk 0:01:52]} 41. Nb5 {[%clk 0:05:20]} Bd7 {[%clk 0:01:59]} 42. Nc3
{[%clk 0:03:51]} Bc6 {[%clk 0:02:22]} 43. Kf4 {[%clk 0:04:09]} Kh4
{[%clk 0:02:46]} 44. Ke5 {[%clk 0:04:35]} Kxh3 {[%clk 0:03:09]} 45. Nxd5
{[%clk 0:04:15]} Kg3 {[%clk 0:03:33]} 46. Nc3 {[%clk 0:04:14]} Kf3
{[%clk 0:03:56]} 47. d5 {[%clk 0:04:37]} Bd7 {[%clk 0:04:09]} 48. Kd6
{[%clk 0:05:02]} Bf5 {[%clk 0:04:17]} 49. Nxa4 {[%clk 0:04:35]} Ke4
{[%clk 0:04:29]} 50. Kc6 {[%clk 0:01:35]} Kd4 {[%clk 0:04:51]} 51. d6
{[%clk 0:01:42]} Kc4 {[%clk 0:05:02]} 52. Nc5 {[%clk 0:01:41]} a5
{[%clk 0:01:53]} 53. d7 {[%clk 0:01:37]} Bxd7+ {[%clk 0:02:16]} 54. Nxd7
{[%clk 0:02:02]} Kb3 {[%clk 0:02:41]} 55. Nc5+ {[%clk 0:02:22]} 1-0

[Event "Iran Women Ch.2016"]
[Site "Tehran"]
[Date "2016.01.19"]
[Round "5.8"]
[White "Jafari, Golnaz"]
[Black "Lotfi, Aylar"]
[Result "1-0"]
[BlackElo "1973"]
[WhiteElo "1909"]
[LiveChessVersion "1.4.7"]

1. e4 {[%clk 1:30:44]} c5 {[%clk 1:30:53]} 2. Nf3 {[%clk 1:31:09]} g6
{[%clk 1:31:15]} 3. c3 {[%clk 1:31:25]} Bg7 {[%clk 1:31:38]} 4. Bc4
{[%clk 1:30:53]} e6 {[%clk 1:31:01]} 5. O-O {[%clk 1:30:07]} Ne7 {[%clk 1:31:02]}
6. d4 {[%clk 1:25:52]} cxd4 {[%clk 1:31:00]} 7. cxd4 {[%clk 1:25:40]} d5
{[%clk 1:28:05]} 8. exd5 {[%clk 1:20:27]} exd5 {[%clk 1:28:16]} 9. Bb5+
{[%clk 1:16:15]} Nbc6 {[%clk 1:20:33]} 10. Bg5 {[%clk 1:15:15]} f6
{[%clk 1:15:35]} 11. Bf4 {[%clk 1:09:27]} O-O {[%clk 1:15:29]} 12. h3
{[%clk 1:03:16]} Be6 {[%clk 1:14:34]} 13. Nc3 {[%clk 1:02:00]} Bf7
{[%clk 1:13:59]} 14. Be2 {[%clk 0:52:32]} Nf5 {[%clk 1:02:57]} 15. Qd2
{[%clk 0:51:10]} g5 {[%clk 0:48:23]} 16. Bh2 {[%clk 0:49:24]} h5 {[%clk 0:36:22]}
17. g4 {[%clk 0:46:20]} Nd6 {[%clk 0:34:47]} 18. Rfd1 {[%clk 0:42:04]} Qd7
{[%clk 0:32:15]} 19. Ne1 {[%clk 0:37:17]} Rad8 {[%clk 0:30:46]} 20. f3
{[%clk 0:33:54]} Rfe8 {[%clk 0:29:14]} 21. b3 {[%clk 0:33:59]} Qe7
{[%clk 0:27:23]} 22. Bf1 {[%clk 0:31:04]} f5 {[%clk 0:25:57]} 23. Nc2
{[%clk 0:29:52]} Qf6 {[%clk 0:20:52]} 24. Bb5 {[%clk 0:27:51]} hxg4
{[%clk 0:20:02]} 25. Bxc6 {[%clk 0:28:02]} bxc6 {[%clk 0:19:24]} 26. Be5
{[%clk 0:24:26]} Rxe5 {[%clk 0:18:37]} 27. dxe5 {[%clk 0:24:19]} Qxe5
{[%clk 0:19:06]} 28. Nd4 {[%clk 0:16:17]} Qxd4+ {[%clk 0:09:15]} 29. Qxd4
{[%clk 0:16:38]} Bxd4+ {[%clk 0:09:44]} 30. Rxd4 {[%clk 0:17:07]} gxf3
{[%clk 0:09:33]} 31. Rf1 {[%clk 0:14:22]} Bh5 {[%clk 0:05:46]} 32. Nd1
{[%clk 0:12:18]} Re8 {[%clk 0:05:03]} 33. Nf2 {[%clk 0:10:59]} Ne4
{[%clk 0:02:45]} 34. Re1 {[%clk 0:11:14]} Kf7 {[%clk 0:02:15]} 35. Ra4
{[%clk 0:11:12]} Re7 {[%clk 0:02:04]} 36. b4 {[%clk 0:10:06]} Kf6
{[%clk 0:01:37]} 37. Ra6 {[%clk 0:10:10]} Re6 {[%clk 0:01:04]} 38. Rxa7
{[%clk 0:09:52]} g4 {[%clk 0:01:19]} 39. hxg4 {[%clk 0:09:46]} fxg4
{[%clk 0:01:30]} 40. Rh7 {[%clk 0:09:38]} Kg6 {[%clk 0:00:55]} 41. Rh8
{[%clk 0:07:27]} Kg5 {[%clk 0:01:02]} 42. a4 {[%clk 0:06:09]} g3 {[%clk 0:00:59]}
43. Nxe4+ {[%clk 0:04:48]} dxe4 {[%clk 0:01:10]} 44. Rg8+ {[%clk 0:04:34]} Kh4
{[%clk 0:00:54]} 45. Re3 {[%clk 0:04:31]} Kh3 {[%clk 0:00:44]} 46. Rh8
{[%clk 0:04:30]} Kg4 {[%clk 0:00:47]} 47. a5 {[%clk 0:03:59]} Kf4
{[%clk 0:00:42]} 48. Rc3 {[%clk 0:04:28]} f2+ {[%clk 0:00:52]} 49. Kf1
{[%clk 0:04:12]} Bf3 {[%clk 0:00:59]} 50. Rf8+ {[%clk 0:04:06]} Kg4
{[%clk 0:01:15]} 51. Rg8+ {[%clk 0:04:19]} Kh4 {[%clk 0:01:05]} 52. Rh8+
{[%clk 0:04:45]} Bh5 {[%clk 0:00:53]} 53. Rc5 {[%clk 0:04:51]} Kg4
{[%clk 0:00:37]} 54. Rhxh5 {[%clk 0:04:43]} Rf6 {[%clk 0:00:48]} 55. Rhg5+
{[%clk 0:04:05]} Kf4 {[%clk 0:00:49]} 56. a6 {[%clk 0:04:02]} Rf7
{[%clk 0:00:39]} 57. Rgf5+ {[%clk 0:03:29]} Rxf5 {[%clk 0:01:04]} 58. Rxf5+
{[%clk 0:03:58]} Kxf5 {[%clk 0:01:33]} 59. a7 {[%clk 0:04:27]} Kf4
{[%clk 0:01:40]} 60. a8=Q {[%clk 0:04:56]} Kf3 {[%clk 0:01:50]} 61. Qf8+
{[%clk 0:05:09]} Kg4 {[%clk 0:01:37]} 62. Kg2 {[%clk 0:05:03]} Kh4
{[%clk 0:01:03]} 63. Qf4+ {[%clk 0:05:22]} 1-0

[Event "Iran Women Ch.2016"]
[Site "Tehran"]
[Date "2016.01.19"]
[Round "5.9"]
[White "Khachatourians, Teni"]
[Black "Afshar, Niusha"]
[Result "0-1"]
[BlackElo "1961"]
[WhiteElo "1771"]
[LiveChessVersion "1.4.7"]

1. e4 {[%clk 1:30:57]} c5 {[%clk 1:30:50]} 2. Nc3 {[%clk 1:31:13]} Nc6
{[%clk 1:31:09]} 3. Bb5 {[%clk 1:31:27]} g6 {[%clk 1:31:16]} 4. Bxc6
{[%clk 1:31:42]} bxc6 {[%clk 1:26:31]} 5. f4 {[%clk 1:31:40]} Bg7
{[%clk 1:25:45]} 6. Nf3 {[%clk 1:31:19]} d6 {[%clk 1:23:21]} 7. O-O
{[%clk 1:29:50]} e6 {[%clk 1:22:33]} 8. d3 {[%clk 1:29:33]} Ne7 {[%clk 1:13:44]}
9. Qe1 {[%clk 1:28:00]} O-O {[%clk 1:11:32]} 10. Qh4 {[%clk 1:24:28]} f5
{[%clk 1:03:10]} 11. Ng5 {[%clk 1:06:15]} h6 {[%clk 1:03:11]} 12. Nf3
{[%clk 1:03:27]} Bd7 {[%clk 0:59:49]} 13. e5 {[%clk 0:59:38]} d5 {[%clk 0:57:31]}
14. Na4 {[%clk 0:56:22]} Qa5 {[%clk 0:48:10]} 15. Qxe7 {[%clk 0:55:12]} Rf7
{[%clk 0:48:17]} 16. Qxc5 {[%clk 0:53:38]} Qxa4 {[%clk 0:48:41]} 17. b3
{[%clk 0:50:57]} Qa6 {[%clk 0:48:25]} 18. Be3 {[%clk 0:46:34]} Bf8
{[%clk 0:46:33]} 19. Qc3 {[%clk 0:46:46]} Qb5 {[%clk 0:36:24]} 20. Qe1
{[%clk 0:44:09]} c5 {[%clk 0:35:40]} 21. c4 {[%clk 0:42:55]} dxc4
{[%clk 0:31:43]} 22. dxc4 {[%clk 0:43:08]} Qc6 {[%clk 0:31:22]} 23. Bf2
{[%clk 0:42:05]} a5 {[%clk 0:30:38]} 24. Bh4 {[%clk 0:42:00]} a4 {[%clk 0:29:45]}
25. Qg3 {[%clk 0:41:00]} Kh7 {[%clk 0:29:41]} 26. Bf6 {[%clk 0:40:55]} Bg7
{[%clk 0:27:21]} 27. Nh4 {[%clk 0:40:34]} Be8 {[%clk 0:25:46]} 28. Nxg6
{[%clk 0:33:56]} Raa7 {[%clk 0:21:32]} 29. Nh4 {[%clk 0:32:48]} Rxf6
{[%clk 0:20:09]} 30. exf6 {[%clk 0:27:09]} Bxf6 {[%clk 0:20:36]} 31. Rad1
{[%clk 0:16:48]} Rg7 {[%clk 0:20:26]} 32. Qf3 {[%clk 0:14:21]} Bxh4
{[%clk 0:20:26]} 33. Qxc6 {[%clk 0:14:20]} Bxc6 {[%clk 0:20:55]} 34. g3
{[%clk 0:13:43]} Bf6 {[%clk 0:21:10]} 35. Kf2 {[%clk 0:13:04]} Bd4+
{[%clk 0:21:12]} 36. Ke2 {[%clk 0:13:09]} axb3 {[%clk 0:21:30]} 37. axb3
{[%clk 0:13:20]} Rb7 {[%clk 0:20:58]} 38. Rxd4 {[%clk 0:12:49]} cxd4
{[%clk 0:21:19]} 39. Kd3 {[%clk 0:13:05]} Rxb3+ {[%clk 0:20:26]} 40. Kxd4
{[%clk 0:13:28]} Rb2 {[%clk 0:19:43]} 41. Ke5 {[%clk 0:13:11]} Re2+
{[%clk 0:18:30]} 42. Kf6 {[%clk 0:13:17]} Rxh2 {[%clk 0:17:45]} 43. Rd1
{[%clk 0:10:57]} Rc2 {[%clk 0:13:32]} 44. Kxe6 {[%clk 0:09:01]} Kg6
{[%clk 0:13:06]} 45. Rd8 {[%clk 0:07:09]} Re2+ {[%clk 0:13:00]} 0-1